Change Management (MGMT-625) - DVD (Record no. 60205)
[ view plain ]
| 000 -LEADER | |
|---|---|
| fixed length control field | 00251nam a22000977a 4500 |
| 008 - FIXED-LENGTH DATA ELEMENTS--GENERAL INFORMATION | |
| fixed length control field | 140717b xxu||||| |||| 00| 0 eng d |
| 100 ## - MAIN ENTRY--PERSONAL NAME | |
| 9 (RLIN) | 212 |
| Personal name | Virtual University of Pakistan |
| 245 ## - TITLE STATEMENT | |
| Title | Change Management (MGMT-625) - DVD |
| 300 ## - PHYSICAL DESCRIPTION | |
| Extent | DVD |
| 942 ## - ADDED ENTRY ELEMENTS (KOHA) | |
| Source of classification or shelving scheme | |
| Koha item type | Computer Files |
| Withdrawn status | Lost status | Source of classification or shelving scheme | Damaged status | Not for loan | Permanent Location | Current Location | Date acquired | Source of acquisition | Cost, normal purchase price | Total Checkouts | Barcode | Date last seen | Cost, replacement price | Price effective from | Koha item type |
|---|---|---|---|---|---|---|---|---|---|---|---|---|---|---|---|
| Pakistan Navy Engineering College (PNEC) | Pakistan Navy Engineering College (PNEC) | 10/13/2009 | Virtual University of Pakistan | 60.00 | PNECBB-003696 | 07/17/2014 | 60.00 | 10/13/2009 | Computer Files |
